00317nam a2200109Ia 4500008004000000082001300040100002000053245004900073260004400122300001400166650002700180210210b1977 xxu||||| |||| 00| 0 eng d a181 MULS aMULLER (F Max). aSacred books of the east.V 47:Pahlavi texts. aNew Delhi.bMotilal Banarsidass.,c1977 axlvii,186 aPahlavi Zoroastrianism